[Event "Victoria op Scheveningen"]
[Site "Victoria CAN"]
[Date "2016.01.16"]
[Round "2.2"]
[White "Wu, Howard"]
[Black "Yoos, John"]
[Result "1-0"]
[WhiteElo "2229"]
[BlackElo "2355"]
[PlyCount "67"]
[EventDate "2016.01.15"]
[EventType "schev"]
[EventRounds "5"]
[EventCountry "CAN"]

1. e4 g6 2. d4 Bg7 3. c4 d6 4. Nc3 Nf6 5. f3 O-O 6. Nge2 a6 7. Be3 c6 8. Qd2 b5
9. Ng3 Bb7 10. Be2 h5 11. O-O Nbd7 12. Rad1 Qc7 13. cxb5 axb5 14. Rc1 Qa5 15.
b3 Rfd8 16. Rfd1 e5 17. d5 b4 18. dxc6 Bxc6 19. Qxd6 Rdc8 20. Nd5 Nxd5 21. Rxc6
Nxe3 22. Rd3 Nc5 23. Rxe3 Rxc6 24. Qxc6 Bh6 25. f4 Qa7 26. Kf1 Bxf4 27. Rf3 h4
28. Bc4 hxg3 29. hxg3 g5 30. gxf4 exf4 31. Rh3 Ne6 32. Bxe6 fxe6 33. Qxe6+ Kg7
34. Qe5+ 1-0

[Event "Victoria op Scheveningen"]
[Site "Victoria CAN"]
[Date "2016.01.16"]
[Round "2.3"]
[White "Moore, Harry"]
[Black "Doknjas, John"]
[Result "1/2-1/2"]
[WhiteElo "2206"]
[BlackElo "2274"]
[PlyCount "64"]
[EventDate "2016.01.15"]
[EventType "schev"]
[EventRounds "5"]
[EventCountry "CAN"]

1. c4 c5 2. Nf3 Nc6 3. d4 cxd4 4. Nxd4 Qb6 5. Nb5 a6 6. Be3 Qd8 7. N5c3 e6 8.
g3 Nf6 9. Bg2 d6 10. O-O Be7 11. Bf4 O-O 12. e4 Qc7 13. Na3 b6 14. Rc1 Ne5 15.
h3 Bb7 16. Be3 Rac8 17. f4 Ned7 18. Bf2 Qb8 19. Re1 Qa8 20. Qe2 Bd8 21. g4 Bc7
22. Bh4 Kh8 23. Rcd1 Nb8 24. Bxf6 gxf6 25. f5 Nd7 26. Qd2 Kg7 27. g5 fxg5 28.
Qxg5+ Kh8 29. Qe7 Bc6 30. Kh1 Rce8 31. Qh4 Rg8 32. Rg1 Qd8 1/2-1/2

[Event "Victoria op Scheveningen"]
[Site "Victoria CAN"]
[Date "2016.01.16"]
[Round "2.4"]
[White "Doknjas, Joshua"]
[Black "Patterson, Roger"]
[Result "0-1"]
[WhiteElo "2198"]
[BlackElo "2149"]
[PlyCount "104"]
[EventDate "2016.01.15"]
[EventType "schev"]
[EventRounds "5"]
[EventCountry "CAN"]

1. e4 d6 2. d4 Nf6 3. Nc3 Nbd7 4. Nf3 e5 5. Bc4 Be7 6. O-O O-O 7. a4 c6 8. Qe2
Qc7 9. Ba2 b6 10. Rd1 a6 11. Be3 Bb7 12. Nd2 b5 13. Bb3 Rfe8 14. h3 b4 15. Na2
exd4 16. Bxd4 c5 17. Bxf6 Bxf6 18. c3 bxc3 19. Nxc3 Bxc3 20. bxc3 Nf6 21. f3 d5
22. Bc2 Re7 23. Re1 Rae8 24. Rab1 h6 25. Rb3 dxe4 26. Nxe4 Nxe4 27. Bxe4 Bxe4
28. fxe4 Qf4 29. Qf3 Qe5 30. Rb6 Re6 31. Rxe6 Rxe6 32. g4 Rf6 33. Qe3 Rf4 34.
Qd3 h5 35. Qd8+ Kh7 36. Qh4 g6 37. Re3 Kg7 38. Kg2 Rxe4 39. Rxe4 Qxe4+ 40. Kh2
Qe2+ 41. Kh1 Qf3+ 42. Kh2 hxg4 43. hxg4 Qxc3 44. g5 Qd4 45. Qxd4+ cxd4 46. Kg3
f6 47. gxf6+ Kxf6 48. Kf4 g5+ 49. Ke4 g4 50. Kxd4 Kg5 51. Ke3 Kh4 52. Kf2 Kh3
0-1

[Event "Victoria op Scheveningen"]
[Site "Victoria CAN"]
[Date "2016.01.16"]
[Round "2.5"]
[White "Kenney, Jason"]
[Black "Cao, Jason"]
[Result "0-1"]
[WhiteElo "2192"]
[BlackElo "2399"]
[PlyCount "42"]
[EventDate "2016.01.15"]
[EventType "schev"]
[EventRounds "5"]
[EventCountry "CAN"]

1. d4 d5 2. c4 c6 3. Nf3 Nf6 4. e3 Bg4 5. h3 Bh5 6. Qb3 Qb6 7. Nc3 e6 8. c5 Qc7
9. g4 Bg6 10. Ne5 Nbd7 11. Nxg6 hxg6 12. Bg2 Be7 13. Bd2 g5 14. Qd1 Nf8 15. b4
a6 16. Rb1 Ng6 17. a4 e5 18. b5 axb5 19. axb5 e4 20. O-O Nh4 21. Be1 Nf3+ 0-1

[Event "Victoria op Scheveningen"]
[Site "Victoria CAN"]
[Date "2016.01.16"]
[Round "3.1"]
[White "Sohal, Tanraj"]
[Black "Wu, Howard"]
[Result "1-0"]
[WhiteElo "2358"]
[BlackElo "2229"]
[PlyCount "71"]
[EventDate "2016.01.15"]
[EventType "schev"]
[EventRounds "5"]
[EventCountry "CAN"]

1. d4 Nf6 2. c4 g6 3. d5 Bg7 4. Nc3 O-O 5. e4 d6 6. Nf3 c5 7. Bd3 a6 8. a4 Bg4
9. O-O Nbd7 10. h3 Bxf3 11. Qxf3 Ne5 12. Qe2 Nxd3 13. Qxd3 Nd7 14. f4 Rb8 15.
Bd2 Re8 16. Kh1 Bd4 17. Rab1 e6 18. dxe6 fxe6 19. Ne2 Qf6 20. e5 dxe5 21. fxe5
Nxe5 22. Qg3 Qg7 23. Nxd4 cxd4 24. Bf4 Nc6 25. Bxb8 Rxb8 26. b4 Rd8 27. b5 axb5
28. cxb5 Ne7 29. Qc7 Rf8 30. Qxb7 Nf5 31. Qxg7+ Kxg7 32. Rfe1 d3 33. Red1 Rd8
34. Rb3 d2 35. g4 Nh4 36. b6 1-0

[Event "Victoria op Scheveningen"]
[Site "Victoria CAN"]
[Date "2016.01.16"]
[Round "3.2"]
[White "Yoos, John"]
[Black "Moore, Harry"]
[Result "1-0"]
[WhiteElo "2355"]
[BlackElo "2206"]
[PlyCount "59"]
[EventDate "2016.01.15"]
[EventType "schev"]
[EventRounds "5"]
[EventCountry "CAN"]

1. e4 e5 2. f4 exf4 3. Nf3 d5 4. exd5 Nf6 5. Bb5+ c6 6. dxc6 Nxc6 7. d4 Bd6 8.
O-O O-O 9. Nc3 Bc7 10. Ne2 Nd5 11. c4 Ne3 12. Bxe3 fxe3 13. Qd3 Qe7 14. a3 Bg4
15. Nc3 Qd6 16. c5 Qh6 17. Nd5 e2 18. Rf2 Bb8 19. Bxc6 bxc6 20. Ne7+ Kh8 21. h3
Bd7 22. Rxe2 Bc7 23. Ne5 Bxe5 24. Rxe5 Rab8 25. b4 a5 26. bxa5 Rb2 27. Rf1 Be6
28. Qf3 Rb3 29. Qxc6 Re3 30. Nf5 1-0

[Event "Victoria op Scheveningen"]
[Site "Victoria CAN"]
[Date "2016.01.16"]
[Round "3.3"]
[White "Patterson, Roger"]
[Black "Doknjas, John"]
[Result "1/2-1/2"]
[WhiteElo "2149"]
[BlackElo "2274"]
[PlyCount "36"]
[EventDate "2016.01.15"]
[EventType "schev"]
[EventRounds "5"]
[EventCountry "CAN"]

1. e4 c5 2. Nf3 d6 3. d4 cxd4 4. Nxd4 Nf6 5. Nc3 a6 6. f4 e5 7. Nf3 Nbd7 8. a4
Be7 9. Bd3 O-O 10. O-O exf4 11. Kh1 Nc5 12. Bxf4 Bg4 13. Qd2 Bh5 14. Rae1 Re8
15. Nd4 Nxd3 16. cxd3 Bg6 17. Be3 Qd7 18. Nf5 d5 1/2-1/2

[Event "Victoria op Scheveningen"]
[Site "Victoria CAN"]
[Date "2016.01.16"]
[Round "3.4"]
[White "Cao, Jason"]
[Black "Doknjas, Joshua"]
[Result "1-0"]
[WhiteElo "2399"]
[BlackElo "2198"]
[PlyCount "85"]
[EventDate "2016.01.15"]
[EventType "schev"]
[EventRounds "5"]
[EventCountry "CAN"]

1. Nf3 c5 2. c4 Nc6 3. Nc3 e5 4. e3 Nf6 5. d4 e4 6. Ng5 Qe7 7. d5 Nb4 8. a3 Na6
9. Qc2 Nxd5 10. Nxd5 Qxg5 11. Qxe4+ Kd8 12. Bd2 Qg6 13. Qh4+ f6 14. Bc3 Nc7 15.
O-O-O Nxd5 16. Rxd5 d6 17. Bd3 Qxg2 18. Rd1 Qg4 19. Bxf6+ Kc7 20. Qxg4 Bxg4 21.
Rg1 h5 22. Bc3 Be7 23. Bxg7 Rhg8 24. Bh6 Rh8 25. Bf4 b6 26. Bf5 Bxf5 27. Rxf5
Raf8 28. Rxf8 Rxf8 29. Rg7 Kd8 30. Kc2 Rf5 31. Rg1 Kd7 32. Kd3 a6 33. Rg8 Rf8
34. Rxf8 Bxf8 35. Ke4 Ke6 36. a4 Bg7 37. b3 Bf6 38. Bh6 Bd8 39. f4 b5 40. axb5
axb5 41. f5+ Kf6 42. cxb5 Ba5 43. h4 1-0

[Event "Victoria op Scheveningen"]
[Site "Victoria CAN"]
[Date "2016.01.16"]
[Round "3.5"]
[White "Kenney, Jason"]
[Black "Gansvind, Valeriya"]
[Result "1-0"]
[WhiteElo "2192"]
[BlackElo "2309"]
[PlyCount "127"]
[EventDate "2016.01.15"]
[EventType "schev"]
[EventRounds "5"]
[EventCountry "CAN"]

1. d4 g6 2. e4 Bg7 3. Nf3 d6 4. Nc3 c6 5. Be3 b5 6. Qd2 a6 7. Bd3 Nd7 8. a4 Bb7
9. Ne2 Qc7 10. Ng3 h5 11. h3 Ngf6 12. c3 h4 13. Ne2 bxa4 14. O-O c5 15. d5 Nb6
16. Bf4 c4 17. Bc2 Nfd7 18. Bxa4 Nxa4 19. Rxa4 Nb6 20. Raa1 Nd7 21. Qe3 Ne5 22.
Nxe5 dxe5 23. Bh2 Rc8 24. Kh1 Qc5 25. Qd2 Rd8 26. f4 e6 27. fxe5 exd5 28. e6 f6
29. e5 Qe7 30. Nd4 O-O 31. Rfe1 Rde8 32. exf6 Bxf6 33. Be5 Qg7 34. Bxf6 Qxf6
35. Kg1 Qf4 36. Qc2 Qg3 37. Re2 Rf6 38. Rae1 Re7 39. Re5 Qf4 40. Qe2 Kg7 41.
Re3 Qg5 42. Nf3 Qf4 43. Rd1 Qh6 44. Rd4 Rf4 45. Qd2 Rxf3 46. gxf3 Qg5+ 47. Rg4
Qf6 48. Qd4 Qxd4 49. Rxd4 g5 50. f4 Kg6 51. fxg5 Kxg5 52. Rg4+ Kf6 53. Rxh4 Bc8
54. Rh6+ Kg5 55. Rh8 Bxe6 56. Ra8 Kf5 57. Kf2 Rg7 58. Rxa6 Bg8 59. Ra8 Bf7 60.
Rf8 Kf6 61. Rf3+ Ke7 62. R3xf7+ Rxf7+ 63. Rxf7+ Kxf7 64. Ke3 1-0

[Event "Victoria op Scheveningen"]
[Site "Victoria CAN"]
[Date "2016.01.17"]
[Round "4.1"]
[White "Moore, Harry"]
[Black "Sohal, Tanraj"]
[Result "1/2-1/2"]
[WhiteElo "2206"]
[BlackElo "2358"]
[PlyCount "169"]
[EventDate "2016.01.15"]
[EventType "schev"]
[EventRounds "5"]
[EventCountry "CAN"]

1. d4 Nf6 2. c4 e6 3. Nf3 d5 4. Nc3 Nbd7 5. Bg5 Be7 6. e3 O-O 7. Rc1 c6 8. Bd3
dxc4 9. Bxc4 a6 10. O-O b5 11. Bd3 c5 12. Ne5 Bb7 13. Nxd7 Nxd7 14. Bxe7 Qxe7
15. Be4 Bxe4 16. Nxe4 c4 17. b3 cxb3 18. Qxb3 Rfc8 19. h3 h6 20. Rc2 Nb6 21.
Rfc1 Rxc2 22. Rxc2 Nc4 23. Nd2 Nxd2 24. Rxd2 Rc8 25. Rc2 Qb7 26. Rc5 Rd8 27.
Qc2 Qb6 28. g3 g6 29. Rc6 Qa7 30. Rc7 Qb6 31. Qc6 Qa5 32. Ra7 Qxa2 33. Rxa6
Qb1+ 34. Kg2 Rb8 35. Ra7 Qf5 36. e4 Qf6 37. d5 Qd4 38. Qc7 Qxe4+ 39. Kh2 Rf8
40. d6 Qd4 41. Ra2 b4 42. d7 b3 43. Re2 b2 44. Qc2 Qxd7 45. Qxb2 Rd8 46. Qf6
Qd4 47. Qxd4 Rxd4 48. h4 Kg7 49. Kg2 Rc4 50. Rb2 Rc7 51. Ra2 Rb7 52. Rc2 Ra7
53. Rb2 Ra6 54. Rb7 Kf6 55. Rb3 e5 56. Rf3+ Kg7 57. Re3 Re6 58. Ra3 e4 59. Re3
g5 60. hxg5 hxg5 61. f3 exf3+ 62. Rxf3 Re2+ 63. Kh3 Kg6 64. g4 Re1 65. Ra3 Re4
66. Ra6+ Kg7 67. Ra3 Rd4 68. Kg3 Kf6 69. Rf3+ Kg6 70. Ra3 f6 71. Rb3 Kf7 72.
Ra3 Ke6 73. Re3+ Kd5 74. Rf3 Ke5 75. Re3+ Re4 76. Ra3 Rc4 77. Ra5+ Ke4 78. Rf5
Rc3+ 79. Kg2 Rc6 80. Kg3 Rd6 81. Kg2 Ke3 82. Kg3 Ra6 83. Kg2 Ra4 84. Rf3+ Ke2
85. Rf2+ 1/2-1/2

[Event "Victoria op Scheveningen"]
[Site "Victoria CAN"]
[Date "2016.01.17"]
[Round "4.2"]
[White "Patterson, Roger"]
[Black "Yoos, John"]
[Result "0-1"]
[WhiteElo "2149"]
[BlackElo "2355"]
[PlyCount "100"]
[EventDate "2016.01.15"]
[EventType "schev"]
[EventRounds "5"]
[EventCountry "CAN"]

1. d4 Nf6 2. c4 e6 3. Nf3 Nc6 4. Nc3 Bb4 5. Bd2 d6 6. a3 Bxc3 7. Bxc3 O-O 8. g3
a5 9. b3 Qe7 10. Bg2 e5 11. d5 Nb8 12. O-O Ne4 13. Bb2 f5 14. Ne1 Nd7 15. Nd3
Ndf6 16. f3 Ng5 17. Bc1 Nf7 18. e4 c6 19. Bb2 cxd5 20. exd5 Re8 21. a4 Qd8 22.
Qc2 h5 23. Rae1 h4 24. f4 e4 25. Nf2 hxg3 26. hxg3 Nh6 27. Bd4 Nh5 28. Qc3 Qd7
29. Nh3 Qf7 30. Ng5 Qg6 31. Bh3 Nf7 32. Nxf7 Kxf7 33. Kf2 Bd7 34. Rh1 Nf6 35.
Bxf6 Qxf6 36. Qxf6+ Kxf6 37. Bf1 Rh8 38. Be2 g5 39. Ke3 Rag8 40. fxg5+ Kxg5 41.
Reg1 Be8 42. Rh4 Kf6 43. Rf4 Rh3 44. Kf2 Ke5 45. Bf1 e3+ 46. Kxe3 Rhxg3+ 47.
Rxg3 Rxg3+ 48. Rf3 f4+ 49. Kf2 Rxf3+ 50. Kxf3 Bh5+ 0-1

[Event "Victoria op Scheveningen"]
[Site "Victoria CAN"]
[Date "2016.01.17"]
[Round "4.3"]
[White "Doknjas, John"]
[Black "Cao, Jason"]
[Result "1-0"]
[WhiteElo "2274"]
[BlackElo "2399"]
[PlyCount "101"]
[EventDate "2016.01.15"]
[EventType "schev"]
[EventRounds "5"]
[EventCountry "CAN"]

1. d4 d5 2. c4 c6 3. cxd5 cxd5 4. Nc3 Nf6 5. Bf4 Nc6 6. e3 Bf5 7. Qb3 Na5 8.
Bb5+ Bd7 9. Qa4 e6 10. Nf3 a6 11. Bxd7+ Nxd7 12. O-O b5 13. Qd1 Be7 14. Qd3 Nf6
15. Rfc1 Bd6 16. Bxd6 Qxd6 17. Ne2 O-O 18. Rc2 Rac8 19. Rac1 Nc4 20. b3 Nb6 21.
Ne5 Nfd7 22. Nxd7 Rxc2 23. Qxc2 Qxd7 24. Qc6 Qxc6 25. Rxc6 Rb8 26. g4 a5 27.
Nf4 a4 28. Nd3 axb3 29. axb3 Nd7 30. Rc7 Nb6 31. Ne5 f6 32. Nc6 Ra8 33. Rb7 Ra6
34. Nb4 Ra1+ 35. Kg2 Nc8 36. Rxb5 Kf7 37. Nd3 Nd6 38. Rb6 Ne4 39. Nc5 Ra2 40.
Nxe4 dxe4 41. b4 Rb2 42. b5 h6 43. Rb7+ Kf8 44. b6 Kg8 45. Rb8+ Kf7 46. Kg3 e5
47. d5 Ke7 48. b7 Kd6 49. Rd8+ Kc7 50. Rg8 g5 51. d6+ 1-0

[Event "Victoria op Scheveningen"]
[Site "Victoria CAN"]
[Date "2016.01.17"]
[Round "4.4"]
[White "Doknjas, Joshua"]
[Black "Gansvind, Valeriya"]
[Result "1/2-1/2"]
[WhiteElo "2198"]
[BlackElo "2309"]
[PlyCount "77"]
[EventDate "2016.01.15"]
[EventType "schev"]
[EventRounds "5"]
[EventCountry "CAN"]

1. e4 c5 2. Nf3 a6 3. c3 d6 4. d4 cxd4 5. cxd4 g6 6. Bd3 Bg7 7. Be3 Nc6 8. Nbd2
Bg4 9. Bc4 e6 10. h3 Bxf3 11. Nxf3 d5 12. exd5 exd5 13. Bb3 Nge7 14. O-O O-O
15. Bf4 Nf5 16. Be5 Nxe5 17. dxe5 d4 18. Re1 Qa5 19. g4 Ne7 20. Qxd4 Nc6 21.
Qd5 Rad8 22. Qxa5 Nxa5 23. Bc2 Rfe8 24. Re4 Re7 25. Rae1 Rde8 26. Ba4 b5 27.
Bb3 Nxb3 28. axb3 h6 29. Kg2 Re6 30. R4e3 Rd8 31. Kg3 Bf8 32. Re4 Bc5 33. b4
Ba7 34. Rc1 f6 35. Rce1 Rde8 36. Nd4 Bxd4 37. Rxd4 fxe5 38. Rde4 Kf7 39. R1e3
1/2-1/2

[Event "Victoria op Scheveningen"]
[Site "Victoria CAN"]
[Date "2016.01.17"]
[Round "5.1"]
[White "Sohal, Tanraj"]
[Black "Patterson, Roger"]
[Result "1-0"]
[WhiteElo "2358"]
[BlackElo "2149"]
[PlyCount "93"]
[EventDate "2016.01.15"]
[EventType "schev"]
[EventRounds "5"]
[EventCountry "CAN"]

1. d4 d5 2. c4 dxc4 3. Nf3 Nf6 4. e3 e6 5. Bxc4 c5 6. O-O Nc6 7. Nc3 Be7 8. Qe2
cxd4 9. Rd1 O-O 10. exd4 Nb4 11. a3 Nbd5 12. Ne5 Bd7 13. Bg5 Bc6 14. Nxc6 bxc6
15. Rac1 Nxc3 16. Rxc3 Nd5 17. Bxd5 Bxg5 18. Bxc6 Rc8 19. b4 Bf6 20. Qe4 Qb6
21. b5 Rfd8 22. Rcd3 Rd6 23. a4 Rcd8 24. d5 exd5 25. Bxd5 Qc5 26. g3 h6 27. Kg2
Qc2 28. R1d2 Qc5 29. h4 Qb6 30. Qc4 R6d7 31. a5 Qxa5 32. Bxf7+ Rxf7 33. Rxd8+
Qxd8 34. Rxd8+ Bxd8 35. f4 Bb6 36. f5 Kf8 37. Qc8+ Ke7 38. Kf3 Rf6 39. Ke4 Kf7
40. g4 Rd6 41. g5 hxg5 42. hxg5 Rd8 43. Qe6+ Kf8 44. f6 gxf6 45. Qxf6+ Kg8 46.
g6 Re8+ 47. Kd5 1-0

[Event "Victoria op Scheveningen"]
[Site "Victoria CAN"]
[Date "2016.01.17"]
[Round "5.2"]
[White "Cao, Jason"]
[Black "Yoos, John"]
[Result "1/2-1/2"]
[WhiteElo "2399"]
[BlackElo "2355"]
[PlyCount "118"]
[EventDate "2016.01.15"]
[EventType "schev"]
[EventRounds "5"]
[EventCountry "CAN"]

1. e4 d6 2. d4 g6 3. Nc3 Bg7 4. Be3 a6 5. f4 b5 6. Nf3 Bb7 7. Bd3 e6 8. O-O Nf6
9. e5 Nd5 10. Nxd5 Bxd5 11. Ng5 Nc6 12. a4 b4 13. Qe2 h6 14. Ne4 h5 15. c4 bxc3
16. bxc3 Ne7 17. Ng5 Bb7 18. Rab1 Bc8 19. Bf2 d5 20. Be3 a5 21. Bc1 Bd7 22. Bb5
Nc8 23. Bd3 Bf8 24. Qc2 Ne7 25. Ba3 Nf5 26. Bxf5 gxf5 27. Bxf8 Kxf8 28. c4 Bc6
29. Rfc1 Rc8 30. cxd5 Bxd5 31. Qc5+ Kg7 32. Qxa5 Qd7 33. Rc3 Ba8 34. Qc5 h4 35.
a5 Rhd8 36. Rb4 Qd5 37. Qxd5 Rxd5 38. Rbc4 Rxa5 39. Rxc7 Rxc7 40. Rxc7 Ra2 41.
Rxf7+ Kg8 42. Rf6 Rxg2+ 43. Kf1 Rxh2 44. Rxe6 Bd5 45. Rd6 Be4 46. e6 Bd3+ 47.
Kg1 Re2 48. d5 Kg7 49. Rd7+ Kg6 50. d6 Kh5 51. Ra7 Kg4 52. Ra3 Re1+ 53. Kf2
Re2+ 54. Kf1 Bb5 55. Rb3 Bc4 56. Rc3 Ba6 57. Ra3 Bc4 58. Rc3 Bb5 59. Rb3 Bc4
1/2-1/2

[Event "Victoria op Scheveningen"]
[Site "Victoria CAN"]
[Date "2016.01.17"]
[Round "5.3"]
[White "Gansvind, Valeriya"]
[Black "Doknjas, John"]
[Result "1/2-1/2"]
[WhiteElo "2309"]
[BlackElo "2274"]
[PlyCount "70"]
[EventDate "2016.01.15"]
[EventType "schev"]
[EventRounds "5"]
[EventCountry "CAN"]

1. d4 Nf6 2. Nf3 c5 3. d5 e6 4. Nc3 exd5 5. Nxd5 Nxd5 6. Qxd5 d6 7. Ng5 Qf6 8.
e4 h6 9. Bb5+ Nd7 10. Bxd7+ Bxd7 11. Qxb7 Qd8 12. Nf3 Be7 13. O-O O-O 14. e5
Be6 15. exd6 Bxd6 16. Qe4 Re8 17. Qh4 Bf5 18. Qxd8 Raxd8 19. Be3 Bxc2 20. Rfc1
Bg6 21. Rc3 Bh5 22. Nd2 Be5 23. Rxc5 Bxb2 24. Rb1 Bd4 25. Bxd4 Rxd4 26. Nb3 Bg6
27. Nxd4 Bxb1 28. f3 Rd8 29. Nc6 Rd1+ 30. Kf2 Rd2+ 31. Kg1 Rxa2 32. Rb5 Bc2 33.
Rb8+ Kh7 34. Ra8 a6 35. Nb4 Rb2 1/2-1/2

[Event "Victoria op Scheveningen"]
[Site "Victoria CAN"]
[Date "2016.01.17"]
[Round "5.4"]
[White "Doknjas, Joshua"]
[Black "Wu, Howard"]
[Result "1/2-1/2"]
[WhiteElo "2198"]
[BlackElo "2229"]
[PlyCount "106"]
[EventDate "2016.01.15"]
[EventType "schev"]
[EventRounds "5"]
[EventCountry "CAN"]

1. e4 c5 2. Nf3 g6 3. c3 Bg7 4. d4 cxd4 5. cxd4 d5 6. e5 Nc6 7. Bb5 Bg4 8.
Bxc6+ bxc6 9. Nbd2 Nh6 10. O-O O-O 11. h3 Bxf3 12. Nxf3 f6 13. Bd2 Nf7 14. exf6
Bxf6 15. Bc3 Nd6 16. Qd3 Qb6 17. Rac1 Ne4 18. b3 Rac8 19. b4 Bg7 20. a3 Bh6 21.
Rc2 Qb5 22. Qd1 Bg7 23. Rc1 Rf5 24. a4 Qb6 25. Qd3 Rcf8 26. Rc2 Qb8 27. Qe3 Rf4
28. Nh2 Qb6 29. Nf3 Nxc3 30. Qxc3 Bxd4 31. Qxc6 Qxc6 32. Rxc6 Bf6 33. Rb1 Rb8
34. Rc7 Rfxb4 35. Rxb4 Rxb4 36. Rxa7 Rb1+ 37. Kh2 Kf7 38. Kg3 Ra1 39. a5 Ke6
40. Kf4 Ra3 41. Ra6+ Kd7 42. Ne5+ Kc7 43. Ra7+ Kd6 44. Ra6+ Kc5 45. Nd7+ Kb5
46. Re6 Rxa5 47. Nxf6 exf6 48. Rxf6 Kc4 49. Ke3 Ra3+ 50. Kd2 Ra2+ 51. Kd1 d4
52. Rf3 d3 53. Rf7 Kc3 1/2-1/2

[Event "Victoria op Scheveningen"]
[Site "Victoria CAN"]
[Date "2016.01.17"]
[Round "5.5"]
[White "Kenney, Jason"]
[Black "Moore, Harry"]
[Result "0-1"]
[WhiteElo "2192"]
[BlackElo "2206"]
[PlyCount "132"]
[EventDate "2016.01.15"]
[EventType "schev"]
[EventRounds "5"]
[EventCountry "CAN"]

1. d4 Nf6 2. Nf3 e6 3. e3 d5 4. Bd3 c5 5. c3 Nc6 6. Nbd2 Be7 7. O-O O-O 8. dxc5
Bxc5 9. e4 Qc7 10. exd5 exd5 11. Nb3 Bd6 12. h3 h6 13. Nbd4 a6 14. Re1 Rd8 15.
Be3 Bd7 16. Nh4 Bf4 17. Bxf4 Qxf4 18. Nhf3 Rac8 19. Qc1 Qxc1 20. Raxc1 g6 21.
Rcd1 Re8 22. Bc2 Rxe1+ 23. Rxe1 Re8 24. Rd1 Ne5 25. Nxe5 Rxe5 26. Kf1 Kf8 27.
Bb3 Bc6 28. c4 dxc4 29. Nxc6 Rc5 30. Ba4 bxc6 31. Rd6 Ke7 32. Rxc6 Rxc6 33.
Bxc6 Kd6 34. Bb7 a5 35. Ke2 Kc5 36. Ke3 Nd7 37. Be4 Nb6 38. Kd2 Kd4 39. Bc6 g5
40. Kc2 Nc8 41. b3 c3 42. a3 Ne7 43. Be8 f6 44. b4 axb4 45. axb4 f5 46. b5 Nd5
47. Bg6 Nb4+ 48. Kb3 c2 49. Kb2 Kd3 50. Bxf5+ Kd2 51. Bxc2 Nxc2 52. g3 Nd4 53.
b6 Kd3 54. b7 Nc6 55. Ka3 h5 56. Ka4 Kc4 57. f4 h4 58. g4 gxf4 59. g5 Kd5 60.
g6 Ke6 61. Kb5 Nb8 62. g7 Kf7 63. Kb6 f3 64. Kc7 Na6+ 65. Kb6 f2 66. Kxa6 f1=Q+
0-1

[Event "Victoria op U1600"]
[Site "Victoria CAN"]
[Date "2016.01.15"]
[Round "1"]
[White "Enns, Edward"]
[Black "Peters, Nick"]
[Result "0-1"]
[WhiteElo "1078"]
[BlackElo "1483"]
[PlyCount "74"]
[EventDate "2016.01.15"]
[EventType "swiss"]
[EventRounds "5"]
[EventCountry "CAN"]

1. d4 Nf6 2. c4 d5 3. Nc3 e6 4. a3 h6 5. Bf4 Bd6 6. Bxd6 Qxd6 7. cxd5 exd5 8.
f3 O-O 9. Qc2 Re8 10. O-O-O a6 11. e4 dxe4 12. Nxe4 Nxe4 13. fxe4 Qf4+ 14. Kb1
Qxe4 15. Bd3 Qc6 16. d5 Qxc2+ 17. Bxc2 Nd7 18. d6 cxd6 19. Rxd6 Nf6 20. Nf3 Bd7
21. Re1 Rxe1+ 22. Nxe1 Re8 23. Nf3 Bc6 24. Nh4 Kf8 25. h3 Re1+ 26. Rd1 Rxd1+
27. Bxd1 g6 28. Nf3 Ke7 29. g4 Kd6 30. a4 Ne4 31. Nd4 Nf2 32. Bb3 Bd5 33. Bc2
Nxh3 34. b4 b6 35. Kb2 Nf2 36. Nf5+ gxf5 37. Bxf5 Be6 0-1

[Event "Willowdale CC Spring op"]
[Site "Toronto CAN"]
[Date "2016.03.15"]
[Round "1"]
[White "Lin, Angela"]
[Black "Pishdad, Hassan"]
[Result "0-1"]
[WhiteElo "1088"]
[BlackElo "1153"]
[PlyCount "130"]
[EventDate "2016.03.15"]
[EventType "swiss"]
[EventCountry "CAN"]

1. d4 Nf6 2. Nf3 e6 3. e3 d5 4. Bd3 c5 5. b3 Bd6 6. Bb2 O-O 7. Nbd2 Nc6 8. O-O
Nb4 9. Be2 Nc6 10. Ne5 cxd4 11. exd4 Qc7 12. f4 g6 13. c4 b6 14. Bf3 Bb7 15.
Rc1 Qe7 16. cxd5 exd5 17. Nxc6 Bxc6 18. Rxc6 Rfe8 19. Qc1 Qe3+ 20. Kh1 Re6 21.
Bc3 Ne4 22. Nxe4 Qxc1 23. Rxc1 dxe4 24. d5 Bxf4 25. dxe6 Bxc1 26. exf7+ Kxf7
27. Bxe4 Rd8 28. Rc7+ Ke6 29. h3 Rd1+ 30. Kh2 Bf4+ 31. g3 Bxc7 32. h4 a5 33.
Bf3 Rd3 34. Bg4+ Kf7 35. Be1 Kf6 36. Kh3 h5 37. Bc8 Rd1 38. Bc3+ Be5 39. Bxe5+
Kxe5 40. Ba6 Ra1 41. a4 Rd1 42. g4 hxg4+ 43. Kxg4 Rd4+ 44. Kg5 Rf4 45. Kxg6
Rxh4 46. Kg5 Rd4 47. Bb5 Kd5 48. Kf5 Rb4 49. Bc4+ Rxc4 50. bxc4+ Kxc4 51. Ke5
b5 52. axb5 Kxb5 53. Kd4 Kb4 54. Kd5 Kc3 55. Kc5 a4 56. Kd5 a3 57. Ke4 a2 58.
Kf5 a1=Q 59. Kf4 Kc4 60. Kf5 Kd5 61. Kf4 Qd4+ 62. Kf3 Ke5 63. Ke2 Kf4 64. Ke1
Kf3 65. Kf1 Qf2# 0-1

[Event "Willowdale CC Spring op"]
[Site "Toronto CAN"]
[Date "2016.03.29"]
[Round "3"]
[White "Cheryachukin, Yury"]
[Black "Pishdad, Hassan"]
[Result "1-0"]
[WhiteElo "1888"]
[BlackElo "1153"]
[PlyCount "39"]
[EventDate "2016.03.15"]
[EventType "swiss"]
[EventCountry "CAN"]

1. e4 c5 2. Nf3 e6 3. c4 d5 4. cxd5 exd5 5. exd5 Qxd5 6. Nc3 Qd8 7. d4 cxd4 8.
Nxd4 Bd6 9. Ndb5 Be5 10. Qxd8+ Kxd8 11. Be3 a6 12. O-O-O+ Nd7 13. Nd6 Ke7 14.
Nf5+ Ke8 15. Bc4 Ne7 16. Nxe7 Kxe7 17. Nd5+ Kd8 18. Nb6 Rf8 19. Nxa8 Ke8 20.
Nb6 1-0

[Event "Winnipeg op"]
[Site "Winnipeg CAN"]
[Date "2016.06.07"]
[Round "1"]
[White "Gasnikov, Victor"]
[Black "Boron, Anthony"]
[Result "0-1"]
[WhiteElo "1562"]
[BlackElo "2064"]
[PlyCount "84"]
[EventDate "2016.06.07"]
[EventType "swiss"]
[EventRounds "8"]
[EventCountry "CAN"]

1. d4 Nf6 2. c4 c5 3. dxc5 Qa5+ 4. Nc3 Qxc5 5. e4 Nc6 6. Nf3 d6 7. Nb5 Qb6 8.
Be3 Qd8 9. Qd3 a6 10. Nbd4 Bd7 11. Nxc6 Bxc6 12. e5 Ng4 13. Bf4 Qa5+ 14. Qc3
Qc5 15. Bg3 Bxf3 16. Qxf3 Qb4+ 17. Qc3 Qxc3+ 18. bxc3 Nxe5 19. c5 g6 20. cxd6
exd6 21. f4 Nc6 22. Bc4 Bg7 23. Rc1 O-O 24. O-O Rac8 25. Bd5 Rc7 26. f5 Be5 27.
Bh4 Ne7 28. Bxe7 Rxe7 29. fxg6 hxg6 30. Rb1 Rb8 31. c4 Kg7 32. g4 f6 33. Kg2 b6
34. a4 a5 35. Rfe1 Ree8 36. h4 Rh8 37. Rh1 Bd4 38. h5 Rbe8 39. hxg6 Re2+ 40.
Kf3 Rhe8 41. Bf7 R8e3+ 42. Kf4 Rf2# 0-1

[Event "Winnipeg op"]
[Site "Winnipeg CAN"]
[Date "2016.06.07"]
[Round "1"]
[White "Magnusson, Saul"]
[Black "Piche, Jeremie"]
[Result "1-0"]
[WhiteElo "2100"]
[BlackElo "1596"]
[PlyCount "89"]
[EventDate "2016.06.07"]
[EventType "swiss"]
[EventRounds "8"]
[EventCountry "CAN"]

1. e4 c5 2. Nf3 d6 3. Bb5+ Bd7 4. Bxd7+ Nxd7 5. d4 cxd4 6. Qxd4 Qc7 7. O-O e5
8. Qd3 Ngf6 9. Nc3 a6 10. Bg5 Be7 11. Nd2 b5 12. Bxf6 Nxf6 13. a4 b4 14. Nd5
Nxd5 15. Qxd5 Rc8 16. Rac1 Bg5 17. Rfd1 O-O 18. c4 Rfd8 19. b3 Qc5 20. Qd3 Qc6
21. Rc2 Qd7 22. Nf3 Bh6 23. Nxe5 Qe6 24. Nf3 Re8 25. Re2 f5 26. e5 Bf4 27. Nd4
Qh6 28. g3 Bxe5 29. Nxf5 Qg6 30. Qd5+ Qe6 31. Nxd6 Qxd5 32. Rxd5 Bxd6 33. Rxe8+
Rxe8 34. Rxd6 Re2 35. Kg2 Rb2 36. Rd3 Rc2 37. Rf3 Rc3 38. g4 g6 39. Kg3 Kg7 40.
g5 h6 41. h4 h5 42. Kf4 Kf7 43. Ke4+ Ke6 44. Rxc3 bxc3 45. Kd3 1-0

[Event "Winnipeg op"]
[Site "Winnipeg CAN"]
[Date "2016.06.07"]
[Round "1"]
[White "Remillard, John"]
[Black "Wiebe, Isaac"]
[Result "0-1"]
[WhiteElo "1669"]
[BlackElo "2157"]
[PlyCount "46"]
[EventDate "2016.06.07"]
[EventType "swiss"]
[EventRounds "8"]
[EventCountry "CAN"]

1. e4 c5 2. Nc3 Nc6 3. Nf3 e6 4. Be2 Nf6 5. O-O Be7 6. d3 d6 7. Nd2 d5 8. exd5
exd5 9. Re1 O-O 10. Bf3 Nd4 11. Bxd5 Nxd5 12. Nxd5 Qxd5 13. Rxe7 Be6 14. Ne4
Qd8 15. Bg5 f6 16. Nxf6+ gxf6 17. Rxh7 fxg5 18. Qh5 Qf6 19. f4 Ne2+ 20. Kh1
Nxf4 21. Qh6 Qxh6 22. Rxh6 Kg7 23. Rxe6 Nxe6 0-1